NXT Women's North American Champions - Statistics

General Stats
  • This quiz has been taken 245 times
    65 since last reset
  • The average score is 7 of 8
Answer Stats
Title Reigns Last Won Champion % Correct
1 2026 Tatum Paxley
95%
1 2026 Izzi Dame
89%
1 2025 Blake Monroe
84%
1 2024 Kelani Jordan
84%
1 2025 Sol Ruca
84%
1 2025 Thea Hail
84%
1 2024 Fallon Henley
70%
1 2025 Stephanie Vaquer
70%
No matching quizzes found
Score Distribution
Percent of People with Each Score
Percentile by Number Answered
Your Score History
You have not taken this quiz since the last reset